El diario de Ana Frank / (Registro nro. 13210)

Detalles MARC
000 -LIDER
fixed length control field 00858nam a22002657a 4500
003 - IDENTIFICACDOR DE NÚMERO DE CONTROL
control field DO-SdBNP
005 - DATE AND TIME OF LATEST TRANSACTION
control field 20241002113916.0
008 - ELEMENTOS DE LONGITUD FIJA
fixed length control field 171129b1989 ec || 00| 0 spa d
020 ## - ISBN
International Standard Book Number 9978809236
040 ## - FUENTE DE CATALOGACIÓN
Agencia que crea de manera original el registro BPMSU
Idioma de catalogación spa
Agencia que realiza la transcripción BPMSU
082 #4 - NÚMERO DE CLASIFICACIÓN DECIMAL DE DEWEY
Classification number 920.72
Item number F828d 1989
Edition number 22
100 1# - ASIENTO PRINCIPAL -- NOMBRE PERSONAL
Nombre personal Frank, Ana,
Fechas asociadas con el nombre 1929-1945.
245 13 - MENCIÓN DE TITULO
Título El diario de Ana Frank /
Mención de responsabilidad Ana Frank ; edición preparada por Hernán Rodríguez Castelo.
250 ## - MENCIÓN DE EDICION
Mención de edición 2a ed. 2a reimp.
260 ## - PUBLICACIÓN, DISTRIBUCIÓN, ETC. (PIE DE IMPRENTA)
Lugar de publicación, distribución, etc Quito, Ecuador :
Nombre del editor, distribuidor, etc. Libresa,
Fecha de publicación, distribución, etc 1989.
300 ## - DESCRIPCIÓN FÍSICA
Extensión 318 p. ;
Dimensiones 19 cm.
490 0# - MENCIÓN DE SERIES
Mención de serie Antares
590 ## - NOTA LOCAL
Texto de la nota local Inventariado, 2024/VM
600 14 - ENCABEZAMIENTO DE MATERIA--NOMBRE PERSONAL
Nombre personal Frank, Anne
Fechas asociadas con el nombre 1929-1945
Subdivisión temática general Autobiografías
650 #4 - ENCABEZAMIENTO DE MATERIA--TEMÁTICO
Término temático o nombre geográfico como elemento de entrada Diarios íntimos
650 #4 - ENCABEZAMIENTO DE MATERIA--TEMÁTICO
Término temático o nombre geográfico como elemento de entrada Persecuciones a los judíos
Subdivisión de forma Relatos personales
700 1# - ASIENTO SECUNDARIO -- NOMBRE PERSONAL
Nombre personal Rodríguez Castelo, Hernán,
Mención de responsabilidad editor
910 ## - VALIDACIÓN
Validación VMateo V . Control de calidad. BPMSU
942 ## - ADDED ENTRY ELEMENTS (KOHA)
Source of classification or shelving scheme Dewey Decimal Classification
Koha item type Libros
Existencias
Withdrawn status Lost status Source of classification or shelving scheme Damaged status Not for loan Collection code Home library Current library Date acquired Source of acquisition Total Checkouts Full call number Barcode Date last seen Price effective from Koha item type
    Dewey Decimal Classification     Colección General Biblioteca Pública Metropolitana Salomé Ureña Biblioteca Pública Metropolitana Salomé Ureña 11/29/2017 FUNDI   BPMSU CG 920.72 F828d 1989 BPMSU17110531 11/29/2017 11/29/2017 Libros